zpět

Detail výsledku týmu

U Pošty - Vinohrady ST, Praha

Datum a čas kvízu

25.5 Celkem bodů Celkový počet nahraných bodů na tomto kvízu bez doplňovacích otázek.
7. Pořadí na kvízu Konečné umístění týmu na tomto kvízu.

Zaznamenané odpovědi

# Otázka Odpověď Body Výsledky
1. Napište čtyři slova, jimiž něk... Společnost pro podporu Ukrajiny 1
2. Parašutista Nicolas Scarabrin... oko jehly 1
3. Která moderátorka oznámila, že... Lucie Výborná 1
4. Který známý šéfkuchař oznámil... Emanuele Ridi 1
5. Ve kterém evropském státě nabí... ve Španělsku 1
6. Na obrázku níže můžete vidět d... Drákula a Frankenstein 1
7. Co by to bylo za hororové téma... C 0
8. Ze které (převážně videoherní)... Resident Evil 1
9. Přiřaďte herce a herečky k jej... 1B 2C 3D 4A 0
10. Čím je inspirován česko-americ... D 1